| 000 | 00369pab a2200157 454500 | ||
|---|---|---|---|
| 008 | 180718b2006 xxu||||| |||| 00| 0 eng d | ||
| 100 | _aRamakrishna, Y.S. | ||
| 245 | _aDryland farming: issues and strategies | ||
| 260 | _c2006 | ||
| 300 | _ap.51-55. | ||
| 362 | _aAug | ||
| 650 | _aAgriculture | ||
| 700 | _aVenkateswarlu, B. | ||
| 773 | _aYojana | ||
| 909 | _a70476 | ||
| 999 |
_c70476 _d70476 |
||